Tanggapan, bahan dan kaedah pengajaran sastera (Record no. 15714)

MARC details
000 -LEADER
fixed length control field 00654nam a2200229 i 4500
001 - CONTROL NUMBER
control field C2-0083164
003 - CONTROL NUMBER IDENTIFIER
control field PPAK
005 - DATE AND TIME OF LATEST TRANSACTION
control field 20180727085331.0
008 - FIXED-LENGTH DATA ELEMENTS--GENERAL INFORMATION
fixed length control field 970429s1990 my |||| ||||| | may d
040 ## - CATALOGING SOURCE
Original cataloging agency PPAK
Language of cataloging eng
Transcribing agency PPAK
Description conventions rda
082 04 - DEWEY DECIMAL CLASSIFICATION NUMBER
Classification number 899.2307
Edition number 23
090 00 - LOCALLY ASSIGNED LC-TYPE CALL NUMBER (OCLC); LOCAL CALL NUMBER (RLIN)
Classification number (OCLC) (R) ; Classification number, CALL (RLIN) (NR) 899.2307
Feature heading RAH
Feature heading G
100 0# - MAIN ENTRY--PERSONAL NAME
Personal name Rahman Shaari,
Relator term author
245 10 - TITLE STATEMENT
Title Tanggapan, bahan dan kaedah pengajaran sastera
264 #1 - PRODUCTION, PUBLICATION, DISTRIBUTION, MANUFACTURE, AND COPYRIGHT NOTICE
Place of production, publication, distribution, manufacture Shah Alam, Selangor :
Name of producer, publisher, distributor, manufacturer Marwilis ,
Date of production, publication, distribution, manufacture, or copyright notice 1990
300 ## - PHYSICAL DESCRIPTION
Extent 126 pages ;
Dimensions 20 cm
336 ## - CONTENT TYPE
Source rdacontent
Content type term text
337 ## - MEDIA TYPE
Source rdamedia
Media type term unmediated
338 ## - CARRIER TYPE
Source rdacarrier
Carrier type term volume
650 10 - SUBJECT ADDED ENTRY--TOPICAL TERM
Topical term or geographic name entry element Malay literature - Study and teaching
942 ## - ADDED ENTRY ELEMENTS (KOHA)
-- dc
Koha item type Book
Holdings
Withdrawn Not for loan Current library Shelving location Date acquired Total Checkouts Total Renewals Full call number Barcode Checked out Date last seen Date last checked out Koha item type
    Perpustakaan Alor Setar Pinjaman Dewasa 06/08/1997 1 1 899.2307 RAH A00044307 27/01/2022 28/12/2021 28/12/2021 Book
    Perpustakaan Awam Sungai Petani Pinjaman Dewasa 15/02/2004     899.2307 RAH A00420122   08/05/2018   Book